2014 Movies by Poster Quiz Stats

 Plays Quiz Updated Sep 29, 2016

Challenge
Share
Tweet
Score 0/20 Timer 05:00
7 Plays Today
% Correct
Godzilla
84.4%
Guardians of the Galaxy
82.1%
Maleficent
80.3%
The Lego Movie
79.7%
Interstellar
74.7%
American Sniper
74.3%
The Interview
71.8%
22 Jump Street
66.8%
Big Hero 6
63.2%
Boyhood
62.1%
% Correct
Fury
56.5%
The Theory of Everything
55.1%
The Grand Budapest Hotel
51.8%
Birdman: Or (The Unexpected Virtue of Ignorance)
50.7%
The Imitation Game
49.8%
Whiplash
44.7%
Transformers: Age of Extinction
40.9%
Nightcrawler
31.5%
The Hobbit: The Battle of the Five Armies
22.1%
Gone Girl
17.7%

You're not logged in!

Compare scores with friends on all Sporcle quizzes.
Join for Free
OR
Log In

You Might Also Like...

Show Comments

Extras

Top Quizzes Today


Score Distribution

Your Account Isn't Verified!

In order to create a playlist on Sporcle, you need to verify the email address you used during registration. Go to your Sporcle Settings to finish the process.

Report this User

Report this user for behavior that violates our Community Guidelines.

Details: